Personnage mystère #36 - Statistiques

Statistiques générales
  • Ce quiz a été pris 193 fois
  • Le résultat moyen est 4 sur 7
Statistiques - réponses
Lettres Indices % Correct
NUAJE Jaune
98%
ÔFANETSM Fantômes
83%
PASIJONA Japonais
60%
ARICULEIRC Circulaire
53%
TEHNIRALYB Labyrinthe
52%
GIRAMAMED Diagramme
37%
Nom du personnage Pac-Man
33%
Aucun quiz correspondant
Distribution des résultats
% des personnes avec chaque résultat
Percentile par nombre de réponses
Votre historique - résultats
Vous n’avez pas pris ce quiz